| 000 | 00988na a2200301 4500 | ||
|---|---|---|---|
| 001 | 17100 | ||
| 003 | MIRAKIL | ||
| 005 | 20181213154759.0 | ||
| 008 | 161022b tu 000 0 | ||
| 035 | _a17100 | ||
| 040 |
_aMilas _btur _cTR-AnCHP |
||
| 041 | _atur | ||
| 082 |
_aCHP 351.00352 _bÖ99m 2005 |
||
| 090 | _aCHP 351.00352 Ö99m 2005 | ||
| 100 | _aÖzyürek, Mustafa | ||
| 245 |
_aMeclis konuşmaları _bGenel kurul - plan ve bütçe komisyonu konuşmaları _cMustafa Özyürek |
||
| 246 | _aGenel kurul - plan ve bütçe komisyonu konuşmaları | ||
| 260 |
_aAnkara _bCHP _c2005 |
||
| 300 |
_a167 s. _c20 sm. |
||
| 490 | _aCumhuriyet Halk Partisi yayınları | ||
| 600 |
_aÖzyürek, Mustafa _cCHP Mersin Milletvekili _d1939 - _xMeclis konuşmaları |
||
| 610 |
_aCHP _xMeclis konuşmaları |
||
| 650 |
_aPlan ve Bütçe Komisyonu _xMeclis konuşmaları |
||
| 657 | _aMilletvekili meclis konuşmaları | ||
| 700 | _a | ||
| 830 | _aCHP yayınları | ||
| 942 |
_2ddc _cBKS |
||
| 999 |
_c727 _d727 |
||